• 首页
  • 本馆介绍
  • 公告通知
  • 最新文献
  • 馆藏检索
  • 电子资源
  • 读者导购
  • 参考咨询
  • 我的图书馆
  • 登录
  • 详细信息显示
  • 放入我的书架
  • 预约/预借图书
  • 作者相关作品
  • 分类相关作品
  • 丛书相关作品
  • 出版社相关作品

书目信息

  • 表格格式
  • 工作单格式
  • 卡片格式
题名:
论语的人生修身课
    
 
作者: 周依朋 著
分册:  
出版信息: 北京   中国纺织出版社  2016
页数: 262页
开本: 24cm
丛书名:
单 册:
中图分类: B222.22 , B821-49
科图分类:
主题词:
电子资源:
ISBN: 978-7-5180-2181-9
000 01073nam0 22002411 450
001 0116132751
005 20161219100146.45
010    @a978-7-5180-2181-9@dCNY38.00
100    @a20160530d2016 em y0chiy50 ea
101 0  @achi
102    @aCN@b110000
105    @aa z 000yy
106    @ar
200 1  @a论语的人生修身课@9lun yu de ren sheng xiu shen ke@f周依朋著
210    @a北京@c中国纺织出版社@d2016
215    @a262页@c图@d24cm
330    @a本书从文化的视角、用通俗的语言深入地解读了《论语》对现代社会和现实人生的价值意义。根据孔子及其弟子的言行,结合不同的历史人物、社会阶层和国际人士等人生经历,形象、生动地阐述了如何用儒家的道德思想塑造自己的人格、规范自己的言行、磨砺自己的品质、坚定自己的志向、实现人生的价值。从社会角色的定位出发,如何孝亲、如何择邻、如何交友、如何尽职、如何处理上下级关系、如何与人为善,成就人际和谐、奋发有为的积极人生。
605    @a《论语》@Alun yu@x人生哲学@j通俗读物
690    @aB222.22@v5
690    @aB821-49@v5
701  0 @a周依朋@9zhou yi peng@4著
801  0 @aCN@bTANGWEI@c20160820
905    @b0952889-93@dB222.22@e531@f5
    
    论语的人生修身课/周依朋著.-北京:中国纺织出版社,2016
    262页:图;24cm
    
    
    ISBN 978-7-5180-2181-9:CNY38.00
    本书从文化的视角、用通俗的语言深入地解读了《论语》对现代社会和现实人生的价值意义。根据孔子及其弟子的言行,结合不同的历史人物、社会阶层和国际人士等人生经历,形象、生动地阐述了如何用儒家的道德思想塑造自己的人格、规范自己的言行、磨砺自己的品质、坚定自己的志向、实现人生的价值。从社会角色的定位出发,如何孝亲、如何择邻、如何交友、如何尽职、如何处理上下级关系、如何与人为善,成就人际和谐、奋发有为的积极人生。
●
相关链接 在E读中查询图书 在五车中查询图书 在当当中查询图书 在豆瓣中查询图书


正题名:论语的人生修身课     索取号:B222.22/531         预约/预借

序号 登录号 条形码 馆藏地/架位号 状态 备注
1 0952889   209528894   第一样本阅览室/ [索取号:B222.22/531] 在馆    
2 0952890   209528901   第一借阅区/ [索取号:B222.22/531] 在馆    
3 0952891   209528910   第一借阅区/ [索取号:B222.22/531] 在馆    
4 0952892   209528929   第一借阅区/ [索取号:B222.22/531] 在馆    
5 0952893   209528938   第一借阅区/ [索取号:B222.22/531] 在馆    
唐山师范学院图书馆 欢迎您!
大连网信软件有限公司© 版权所有